000 01333nam0a22003131 4500
001 v19\rc\1793628
005 20260529101238.0
035 _a(NLR Aleph) 004892784
090 _a5289223
_c5289223
100 _a20061204d1905 |||y0rusy50 ca
101 0 _arus
102 _aRU
105 _ay z |||||
200 1 _aПамяти отца архимандрита Вениамина
_e[Сведения о жизни о. архимандрита доставлены иеромонахом Свияж. монастыря о. Викентием
210 _aКазань]
_cтипо-лит. Ун-та
_d1905
215 _a8 с.
_d24
309 _aБез тит. л. и обл.
702 0 _6z01790
_aВениамин
_cГрязнов (Никольский), Василий Афанасьевич
_f1831-
_4570
702 0 _aВикентий
_cОрлов, Василий
_cиеромонах
_f19 в.
_3RU\NLR\AUTH\770294348
_4220
790 1 _6z01702
_aГрязнов
_bВ. А.
_f1831-
_gВасилий Афанасьевич
790 1 _6z01702
_aНикольский
_bВ. А.
_f1831-
_gВасилий Афанасьевич
801 0 _aRU
_bNLR
_gpsbo
801 0 _aRU
_bRuMoRGB
_2psbo
801 1 _aRU
_bProSoft-M
_2rusmarc
852 _aNLR
_j34.50.3.311
899 _aRuMoRGB
_jA 219/1361
942 _cBOOK
980 _aNB